Country by former rulers #1 - Statistics

General Stats
  • This quiz has been taken 34 times
  • The average score is 24 of 30
Answer Stats
Hint Answer % Correct
Charles de Gaulle France
100%
Emperor Napoleon France
100%
Winston Churchill United Kingdom
100%
Margaret Thatcher United Kingdom
100%
Nelson Mandela South Africa
97%
Vladimir Lenin Soviet Union
97%
Wu Zetian Tang Dynasty
97%
Theodore Roosevelt United States of America
97%
Cleopatra Egypt
94%
Wilhelm II German Empire
94%
Genghis Khan Mongolia
94%
Dwight D. Eisenhower United States of America
94%
Xianfeng Emperor Qing Dynasty
87%
Boris Yeltsin Russia
87%
Francisco Franco Spain
87%
David Cameron United Kingdom
87%
James Monroe United States of America
87%
Otto von Habsburg Austria-Hungary
84%
Emperor Claudius Roman Empire
84%
Meiji Emperor Japan
77%
Nicholas II Russian Empire
77%
Emperor Nero Roman Empire
74%
Karl Donitz Nazi Germany
68%
Gustaf V Sweden
68%
Joseph Tito Yugoslavia
68%
Mansa Musa Mali Empire
61%
Simon Bolivar Venezuela
61%
Emperor Justinian Byzantine Empire/Eastern Roman Empire
55%
Charlemagne Holy Roman Empire
52%
Jefferson Davis Confederated States of America
16%
No matching quizzes found
Score Distribution
Percent of People with Each Score
Percentile by Number Answered
Your Score History
You have not taken this quiz